| 000 | 00717nam a2200229 a 4500 | ||
|---|---|---|---|
| 005 | 20230920064007.0 | ||
| 008 | 190212s2017 mx r 000 0 spa d | ||
| 020 | _a9788471128218 | ||
| 035 | _aUPN01000229036 | ||
| 049 | _aCG | ||
| 050 | 4 |
_aLC71 _bT6.6 |
|
| 100 | 1 |
_aTorres, Jorge _d1951- _q(Torres Santomé) _935978 |
|
| 245 | 1 | 0 |
_aPolíticas educativas y construcción de personalidades neoliberales y neocolonialistas / _cJurjo Torres Santomé. |
| 260 |
_aMadrid : _bMorata, _c2017. |
||
| 300 |
_a272 p. : _bcuadros, gráfs., il. |
||
| 650 | 4 |
_aEducación y Estado _919 |
|
| 650 | 4 |
_aNeoliberalismo _913747 |
|
| 650 | 4 |
_aEducación y Estado _919 |
|
| 905 | _aLibro | ||
| 999 |
_c201131 _d201131 |
||